000
00322nam a2200109Ia 4500
008
171211s9999 xx 000 0 und d
245
_a
Building a Web Application with PHP and Mariadb
245
_c
Sai Srinivas Sriparasa
260
_c
2014
650
_x
SOFTWARE
856
_u
http://down.ebook777.com/064/9781783981625.pdf
999
_c
349287
_d
349287